Top 23 Dutch goal scorers in Champions League - Statistics

General Stats
  • This quiz has been taken 2,975 times
  • The average score is 13 of 23
Answer Stats
Position Player Goals For which clubs % Correct
FW Robin Van Persie 25 Arsenal, Manchester United
94%
FW Arjen Robben 24 PSV, Chelsea, Real Madrid, Bayern Munich
92%
FW Ruud Van Nistelrooy 56 PSV, Manchester United, Real Madrid
90%
MD Wesley Sneijder 12 Ajax, Inter Milan, Galatasaray
80%
FW Klaas-Jan Huntelaar 12 Ajax, Schalke 04
78%
FW Patrick Kluivert 29 Ajax, Barcelona
71%
MD Clarence Seedorf 11 Real Madrid, AC Milan
70%
FW Marco Van Basten 6 AC Milan
68%
FW Denis Bergkamp 7 Arsenal
67%
FW Dirk Kuijt 9 Liverpool
67%
DF Ronald Koeman 9 Barcelona
61%
FW Roy Makaay 29 Deportivo, Bayern Munich
60%
MD Rafael Van Der Vaart 9 Ajax, Hamburg, Tottenham
59%
FW Marc Overmars 9 Ajax, Arsenal, Barcelona
53%
MD Mark Van Bommel 6 PSV,Barcelona, Bayern Munich
47%
DF Franck De Boer 7 Ajax, Barcelona
46%
MD Nigel De Jong 5 Ajax
46%
MD Ronald De Boer 5 Ajax, Glasgow Rangers
46%
MD Philip Cocu 9 PSV, Barcelone
35%
FW Ryan Babel 7 Liverpool
32%
FW Jan Vennegoor of Hesselink 6 PSV, Celtic Glasgow
19%
FW Michael Mols 5 Glasgow Rangers
8%
FW Arnold Bruggink 5 PSV
3%
No matching quizzes found
Score Distribution
Percent of People with Each Score
Percentile by Number Answered
Your Score History
You have not taken this quiz